Managerial economics (Registro nro. 5634)
[ vista simple ]
| 000 -LEADER | |
|---|---|
| fixed length control field | 01075 a2200205 4500 |
| 001 - CONTROL NUMBER | |
| control field | 54554 |
| 005 - DATE AND TIME OF LATEST TRANSACTION | |
| control field | 20260407155819.0 |
| 008 - FIXED-LENGTH DATA ELEMENTS--GENERAL INFORMATION | |
| fixed length control field | 260407a1951 arg spa d |
| 003 - CONTROL NUMBER IDENTIFIER | |
| control field | AR-UNSa-BCEJYS |
| 040 ## - CATALOGING SOURCE | |
| Original cataloging agency | AR-UNSa-BCEJYS |
| Language of cataloging | spa |
| Transcribing agency | AR-UNSa-BCEJYS |
| 080 ## - UNIVERSAL DECIMAL CLASSIFICATION NUMBER | |
| Universal Decimal Classification number | 330.101.8 |
| Common auxiliary subdivision | Clasificación y subdivisiones de la economía. Teórica, práctica. Pura, aplicada. General, especial. Relación de la economía con la teoría de la economía política. Interrelaciones de economía política, economía privada, economía de la empresa (economía comercial). Relación de la economía política general y especial. Economía sectorial |
| 041 ## - LANGUAGE CODE | |
| Language code of text/sound track or separate title | spa |
| 100 1# - MAIN ENTRY--PERSONAL NAME | |
| Personal name | Dean, Joel |
| 245 10 - TITLE STATEMENT | |
| Title | Managerial economics |
| 264 #1 - PRODUCTION, PUBLICATION, DISTRIBUTION, MANUFACTURE, AND COPYRIGHT NOTICE | |
| Place of production, publication, distribution, manufacture | New Jersey : |
| Name of producer, publisher, distributor, manufacturer | Prentice-Hall |
| Date of production, publication, distribution, manufacture, or copyright notice | 1951 |
| 300 ## - PHYSICAL DESCRIPTION | |
| Extent | xiv, 621 p. |
| Dimensions | 23 cm. |
| 505 ## - FORMATTED CONTENTS NOTE | |
| Formatted contents note | 1. Profits – 2. Competition – 3. Multiple products – 4. Demand analysis – 5. Cost – 6. Advertising – 7. Basic Price – 8. Procut line pricing – 9. Price diferentials – 10. Capital budgeting. |
| 590 ## - LOCAL NOTE (RLIN) | |
| Local note | niveau_biblio:m niveau_hierar:0 |
| 942 ## - ADDED ENTRY ELEMENTS (KOHA) | |
| Koha item type | |
| Withdrawn status | Lost status | Damaged status | Not for loan | Home library | Current library | Shelving location | Date acquired | Total checkouts | Full call number | Barcode | Date last seen | Price effective from | Koha item type |
|---|---|---|---|---|---|---|---|---|---|---|---|---|---|
| Biblioteca Prof. Eusebio Cleto del Rey | Biblioteca Prof. Eusebio Cleto del Rey | 07/04/2026 | 330.101.8 D281 | L21291 | 07/04/2026 | 07/04/2026 | Libro |